000 00681nam a2200289Ia 4500
005 20260324145838.0
008 008 260324s9999 xx 000 0 eng d
020 _a9781032618029
037 _aEBOOK
040 _aCRL
040 _beng
040 _cCRL
041 _2eng
041 _aeng
084 _qCRL
100 _aPeter Robb; David Taylor
_91224392
245 0 _aRule, Protest, Identity
245 0 _bAspects of Modern South Asia
260 _bTaylor and Francis
260 _c1978
365 _a
365 _b150
856 _uhttp://www.taylorfrancis.com/books/9781032618029
942 _cEBOOK
999 _c1832871
_d1832871